Statistiche per Riconosci la Provincia - Quiz n°30

Clicka qui per fare il quiz!

Statistiche generali

  • Questo quiz è stato fatto 3 volte
  • Il punteggio medio è 4 su 9

Statistiche sulle risposte

IndizioRisposta% Corretto
Prefisso / Prefissi0861, 085
100%
PresidenteCamillo D'Angelo (Indipendente
67%
Superficie1 954,38 km²
33%
Popolazione299 151 ab.
33%
Numero province confinanti4
33%
Coordinate
del capoluogo
42°39′31″N 13°42′09″E
33%
Numero comuni47
33%
PIL (nominale)6,4 mld €
33%
ProvinciaTeramo
0%

Distribuzione punteggi

Percentile per numero di risposta

Percentuale di utenti per punteggio

I tuoi punteggi nel tempo

Non hai fatto questo quiz